000
00233nam a2200097Ia 4500
008
220204s9999 xx 000 0 und d
082
_a
82-3
_b
SHO
100
_a
Sholokhov, Mikhail
245
4
_a
And quiet flows the don. 2 V
942
_c
BK
999
_c
26157
_d
26157